El tunel /

Guardado en:
Autor Principal: Sábato, Ernesto
Formato: Libro
Publicado: Buenos Aires : Planeta Lector, 2018.
Edición:2a ed.
Materias:
Etiquetas: Agregar Etiqueta
Sin Etiquetas, Sea el primero en etiquetar este registro!
LEADER 00566nam a22002055a 4500
001 CEM.cems020035
008 230426s2018##################000#0#####d
005 20230426121653.0
245 1 0 |a El tunel /  |c Ernesto Sábato 
250 |a 2a ed. 
260 |a Buenos Aires :  |b Planeta Lector,  |c 2018. 
300 |a 200 p. 
020 |a 9789877670264 
100 1 |a Sábato, Ernesto 
082 0 4 |a A863.4 
653 |a Literatura 
653 |a Literatura argentina 
653 |a Novelas 
653 |a Novela argentina 
859 |a CEMS  |b BIB. CEMS - 11 de abril  |h A863.4  |i Sa13-10  |p 26665.13  |t Ej.1